<?xml version="1.0" encoding="UTF-8"?>
<record
    xmlns:xsi="http://www.w3.org/2001/XMLSchema-instance"
    xsi:schemaLocation="http://www.loc.gov/MARC21/slim http://www.loc.gov/standards/marcxml/schema/MARC21slim.xsd"
    xmlns="http://www.loc.gov/MARC21/slim">

  <leader>00825nam a2200181Ia 4500</leader>
  <controlfield tag="008">090124s9999    xx            000 0 und d</controlfield>
  <datafield tag="082" ind1=" " ind2=" ">
    <subfield code="b">105447</subfield>
  </datafield>
  <datafield tag="100" ind1=" " ind2=" ">
    <subfield code="a">&#x905;&#x92D;&#x93F;&#x930;&#x93E;&#x917; ( &#x92D;&#x93F;&#x921;&#x947; &#x930;&#x93E;&#x92E;&#x915;&#x943;&#x937;&#x94D;&#x923; &#x917;&#x94B;&#x92A;&#x93E;&#x933; )</subfield>
  </datafield>
  <datafield tag="245" ind1=" " ind2=" ">
    <subfield code="a"> &#x938;&#x94D;&#x935;&#x930;&#x93E;&#x91C;&#x94D;&#x92F; &#x92E;&#x902;&#x924;&#x94D;&#x930;&#x926;&#x93E;&#x924;&#x947; &#x926;&#x93E;&#x926;&#x93E;&#x92D;&#x93E;&#x908; &#x928;&#x94C;&#x930;&#x94B;&#x91C;&#x940;</subfield>
  </datafield>
  <datafield tag="250" ind1=" " ind2=" ">
    <subfield code="a">1</subfield>
  </datafield>
  <datafield tag="260" ind1=" " ind2=" ">
    <subfield code="c">1956</subfield>
  </datafield>
  <datafield tag="300" ind1=" " ind2=" ">
    <subfield code="a">104</subfield>
  </datafield>
  <datafield tag="600" ind1=" " ind2=" ">
    <subfield code="a">&#x905;&#x92D;&#x93F;&#x930;&#x93E;&#x917; ( &#x92D;&#x93F;&#x921;&#x947; &#x930;&#x93E;&#x92E;&#x915;&#x943;&#x937;&#x94D;&#x923; &#x917;&#x94B;&#x92A;&#x93E;&#x933; )</subfield>
  </datafield>
  <datafield tag="630" ind1=" " ind2=" ">
    <subfield code="a"> &#x938;&#x94D;&#x935;&#x930;&#x93E;&#x91C;&#x94D;&#x92F; &#x92E;&#x902;&#x924;&#x94D;&#x930;&#x926;&#x93E;&#x924;&#x947; &#x926;&#x93E;&#x926;&#x93E;&#x92D;&#x93E;&#x908; &#x928;&#x94C;&#x930;&#x94B;&#x91C;&#x940;</subfield>
  </datafield>
  <datafield tag="700" ind1=" " ind2=" ">
    <subfield code="a">&#x905;&#x92D;&#x93F;&#x930;&#x93E;&#x917; ( &#x92D;&#x93F;&#x921;&#x947; &#x930;&#x93E;&#x92E;&#x915;&#x943;&#x937;&#x94D;&#x923; &#x917;&#x94B;&#x92A;&#x93E;&#x933; )</subfield>
  </datafield>
  <datafield tag="730" ind1=" " ind2=" ">
    <subfield code="a"> &#x938;&#x94D;&#x935;&#x930;&#x93E;&#x91C;&#x94D;&#x92F; &#x92E;&#x902;&#x924;&#x94D;&#x930;&#x926;&#x93E;&#x924;&#x947; &#x926;&#x93E;&#x926;&#x93E;&#x92D;&#x93E;&#x908; &#x928;&#x94C;&#x930;&#x94B;&#x91C;&#x940;</subfield>
  </datafield>
  <datafield tag="942" ind1=" " ind2=" ">
    <subfield code="c">BOOK</subfield>
  </datafield>
  <datafield tag="999" ind1=" " ind2=" ">
    <subfield code="c">151538</subfield>
    <subfield code="d">151538</subfield>
  </datafield>
  <datafield tag="952" ind1=" " ind2=" ">
    <subfield code="0">0</subfield>
    <subfield code="1">0</subfield>
    <subfield code="4">1</subfield>
    <subfield code="7">0</subfield>
    <subfield code="a">THNMGS</subfield>
    <subfield code="b">THNMGS</subfield>
    <subfield code="d">0000-00-00</subfield>
    <subfield code="g">0.75</subfield>
    <subfield code="l">0</subfield>
    <subfield code="o">105447</subfield>
    <subfield code="p">THNMGS-105447</subfield>
    <subfield code="r">2009-01-24 00:00:00</subfield>
    <subfield code="v">0.75</subfield>
    <subfield code="w">2009-01-24</subfield>
    <subfield code="y">BOOK</subfield>
  </datafield>
</record>
